| 000 | 00468nam a22001577a 4500 | ||
|---|---|---|---|
| 082 |
_a621.01 _bNAS |
||
| 100 |
_aNasir, Khadija (364087) _9122272 |
||
| 245 | _aTailoring LATP Solid-State Electrolyte through Composite Formation with Lithium Salt / | ||
| 264 |
_aIslamabad : _bUSPCAS-E, NUST _cMarch, 2024. |
||
| 300 |
_axiv, 74 p. _e+CD |
||
| 520 | _aTH-558 | ||
| 650 | _aMS ESE Thesis | ||
| 650 |
_aMS Thesis _918721 |
||
| 700 | _aDr. Ghulam Ali | ||
| 942 |
_2ddc _cTHE |
||
| 999 |
_c608778 _d608778 |
||